01274nam a2200217 a 450000100100000000500170001000800410002702000150006804000250008310000330010824501410014126001040028230000280038650400320041450502480044604900090069495201200070395201050082395201110092899900170103900002793920200930031222.0110405s1978 dr a 000 0 spa d a8449900948 aDO-SdBNPbspacBNPHU1 aAlegría, Ricardo E.91623610aApuntes en torno a la mitología de los IndiosTaínos de las Antillas Mayores y sus oríngenes suramericanos /cRicardo E. Alegría. aSanto Domingo :bEstudios Avanzados de Puerto Rico y El CaribebMuseo del Hombre Dominicano,c1978. a178 p. :bil. ;c22 cm. aBibliografía : p. 161-1782 aFray Ramón Pané y la mitología antillana -- El estudio de la mitología del trópico sumarinno -- El origne de la humanidad -- Los orígenes de la mujer -- Los gemelos divinos -- La gran inundación -- Conclusiones -- Bibliografía. aBNPD 001054708DSaGRbGRcHDd2013-04-25iLF1l0o p27939-30r2020-06-25te. 3w2020-06-25yLFDSZPréstamo en sala 0010718PDaPDbPDcHDd2011-04-05iLF1l0o p27939-10r2020-06-25w2020-06-25yLFPDZNo se presta 0010718PDaPDbPDcHDd2013-04-25iLF1l0o p27939-20r2020-06-25te. 2w2020-06-25yLFPDZNo se presta c27431d27431